Invitation to Psychology; (Record no. 6392)
[ view plain ]
| 000 -LEADER | |
|---|---|
| fixed length control field | 00526nam a22001937a 4500 |
| 003 - CONTROL NUMBER IDENTIFIER | |
| control field | OSt |
| 005 - DATE AND TIME OF LATEST TRANSACTION | |
| control field | 20200206091331.0 |
| 008 - FIXED-LENGTH DATA ELEMENTS--GENERAL INFORMATION | |
| fixed length control field | 191202b ||||| |||| 00| 0 eng d |
| 020 ## - INTERNATIONAL STANDARD BOOK NUMBER | |
| International Standard Book Number | 0673133303 |
| 040 ## - CATALOGING SOURCE | |
| Transcribing agency | DDC |
| 082 ## - DEWEY DECIMAL CLASSIFICATION NUMBER | |
| Classification number | 150 RAG 1981 |
| 100 ## - MAIN ENTRY--PERSONAL NAME | |
| Personal name | Ragland,G.Racheal; |
| 9 (RLIN) | 13110 |
| 245 ## - TITLE STATEMENT | |
| Title | Invitation to Psychology; |
| 260 ## - PUBLICATION, DISTRIBUTION, ETC. (IMPRINT) | |
| Place of publication, distribution, etc. | Georgia; |
| Name of publisher, distributor, etc. | Scott,Foresman and Company; |
| Date of publication, distribution, etc. | 1981 |
| 300 ## - PHYSICAL DESCRIPTION | |
| Extent | xi,534p; |
| Other physical details | ill, |
| Dimensions | 25cm. |
| 504 ## - BIBLIOGRAPHY, ETC. NOTE | |
| Bibliography, etc | includes glossary references and index. |
| 650 ## - SUBJECT ADDED ENTRY--TOPICAL TERM | |
| Topical term or geographic name as entry element | Psychology. |
| 9 (RLIN) | 31 |
| 942 ## - ADDED ENTRY ELEMENTS (KOHA) | |
| Source of classification or shelving scheme | Dewey Decimal Classification |
| Koha item type | Open Shelf |
| Withdrawn status | Lost status | Source of classification or shelving scheme | Damaged status | Not for loan | Home library | Current library | Date acquired | Source of acquisition | Inventory number | Total Checkouts | Full call number | Barcode | Date last seen | Price effective from | Koha item type |
|---|---|---|---|---|---|---|---|---|---|---|---|---|---|---|---|
| Dewey Decimal Classification | MUST Main Library | MUST Main Library | 02/12/2019 | Donation | 97/11351 | 150RAG 1981 | 2019-0677 | 02/12/2019 | 02/12/2019 | Open Shelf | |||||
| Dewey Decimal Classification | MUST Main Library | MUST Main Library | 02/12/2019 | Donation | 97/11314 | 150RAG 1981 | 2019-0678 | 02/12/2019 | Open Shelf | ||||||
| Dewey Decimal Classification | MUST Main Library | MUST Main Library | 02/12/2019 | Donation | 150RAG 1981 | 2019-0679 | 02/12/2019 | Open Shelf | |||||||
| Dewey Decimal Classification | MUST Main Library | MUST Main Library | 02/12/2019 | Donation | 97/11349 | 150RAG 1981 | 2019-0680 | 02/12/2019 | Open Shelf | ||||||
| Dewey Decimal Classification | MUST Main Library | MUST Main Library | 02/12/2019 | Donation | 97/11347 | 150RAG 1981 | 2019-0681 | 02/12/2019 | Open Shelf | ||||||
| Dewey Decimal Classification | MUST Main Library | MUST Main Library | 02/12/2019 | Donation | 97/11311 | 150RAG 1981 | 2019-0682 | 02/12/2019 | Open Shelf |
